000
00293nam a2200145Ia 4500
100
_a
Keogh/James
942
_c
BK
654
_a
J2ME
245
_a
J2ME:Complete Reference
260
_b
Tata Mc Graw hill
_c
2003
082
_a
5.133
_b
KEO
300
_a
758
546
_a
ENGLISH
999
_c
23767
_d
23767